Democracia y democratización en el Salvador. Imaginario liberal y discursos sobre democracia: de los acuerdos de paz de 1992 a las políticas de seguridad ciudadana del gobierno de Francisco Flores (1999-2004) /
Uloženo v:
| Hlavní autor: | |
|---|---|
| Médium: | Text |
| Jazyk: | Spanish |
| Tagy: |
Přidat tag
Žádné tagy, Buďte první, kdo vytvoří štítek k tomuto záznamu!
|
MARC
| LEADER | 00000 a a2200000 04500 | ||
|---|---|---|---|
| 001 | 40044 | ||
| 003 | cru CRAI/IIS | ||
| 005 | 20210303160454.0 | ||
| 008 | 210303s ||||| |||| 00| 0 spa d | ||
| 999 | |c 25987 |d 25987 | ||
| 040 | |c cru CRAI/IIS | ||
| 100 | |a Salazar Araya, Sergio | ||
| 245 | |a Democracia y democratización en el Salvador. Imaginario liberal y discursos sobre democracia: |b de los acuerdos de paz de 1992 a las políticas de seguridad ciudadana del gobierno de Francisco Flores (1999-2004) / |c Sergio Salazar Araya | ||
| 773 | |g volumen33 (2007), páginas: 49-86 | ||
| 942 | |2 ddc |c PP | ||
| 773 | 0 | |0 18765 |9 5217 |a Universidad de Costa Rica. |d San José, Costa Rica: Editorial Universidad de Costa Rica, 1974- |o 09560 |t Anuario de Estudios Centroamericanos / |x 03777316 | |
